000
00193 a2200097 4500
020
_a
9788427933880
041
_a
spa
100
_a
E.B Whirte
245
_a
Las telaraąs de Carlota
942
_c
BK
999
_c
27942
_d
27942